| 000 | 00777nam a22002657a 4500 | ||
|---|---|---|---|
| 003 | CHAP | ||
| 005 | 20220329135930.0 | ||
| 008 | 971013s1948 r 00010 d | ||
| 010 | _a44291 | ||
| 011 | _a45263 | ||
| 035 | _a49402 | ||
| 040 | _cCHAP | ||
| 082 |
_a635 _bT38 |
||
| 100 | 0 | 0 |
_aTawell, G. H. _9111767 |
| 245 | _aGood market gardening or the art of commercial horticulture | ||
| 260 |
_aLondon : _bHodder and Stoughton, _c1948 |
||
| 300 |
_a160 p. _b: ilus. |
||
| 590 |
_aBATCH-UPD _b10 _c20130110 _lUCH01 _h1751 |
||
| 590 |
_aCONVERSION _b10 _c20130109 _lUCH01 _h1324 |
||
| 650 | 1 | 4 |
_aHorticultura. _956291 |
| 901 | _aBK | ||
| 942 | _cLIBRO | ||
| 949 |
_a635 T38 _bBC _cBPA _d-111452 _eBPA _h23973 _i49402 _si |
||
| 949 |
_a635 T38 _bBC _cBPA _d-111453 _eBPA _fc.2 _i49402 _si |
||
| 999 |
_c44291 _d44291 |
||